LEADER 00960nam0-22003371i-450- 001 990007979880403321 005 20050111134920.0 010 $a88-8114-790-4 035 $a000797988 035 $aFED01000797988 035 $a(Aleph)000797988FED01 035 $a000797988 100 $a20041229d1998----km-y0itay50------ba 101 1 $aita$clat 102 $aIT 105 $aa-------001by 200 1 $a<>Intercenali$fLeon Battista Alberti$gtraduzione e introduzione di Ida Garghella 210 $aNapoli$cEdizioni Scientifiche Italiane$d1998 215 $a256 p.$cill.$d24 cm 225 1 $aESI-uni$v106 454 1$12001$aIntercoenales$953399 676 $a858.2 700 1$aAlberti,$bLeon Battista$f<1404-1472>$035951 702 1$aGarghella,$bIda 801 0$aIT$bUNINA$gRICA$2UNIMARC 901 $aBK 912 $a990007979880403321 952 $aP.3 B 14391$fFLFBC 959 $aFLFBC 996 $aIntercoenales$953399 997 $aUNINA LEADER 01990oam 2200541 a 450 001 9910699152803321 005 20091029110351.0 035 $a(CKB)5470000002400368 035 $a(OCoLC)427571397 035 $a(EXLCZ)995470000002400368 100 $a20090723d2009 ua 0 101 0 $aeng 135 $aurmn||||||||| 181 $ctxt$2rdacontent 182 $cc$2rdamedia 183 $acr$2rdacarrier 200 10$aDisaster assistance$b[electronic resource] $egreater coordination and an evaluation of programs' outcomes could improve disaster case management : report to congressional requesters 210 1$a[Washington, D.C.] :$cU.S. Govt. Accountability Office,$d[2009] 215 $a1 online resource (ii, 51 pages) $cillustrations 300 $aTitle from PDF title screen (GAO, viewed July 23, 2009). 300 $a"July 2009." 300 $a"GAO-09-561." 320 $aIncludes bibliographical references. 517 $aDisaster assistance 606 $aDisaster relief$xGovernment policy$zUnited States 606 $aDisaster relief$zGulf States$xEvaluation 606 $aEmergency management$zGulf States$xEvaluation 606 $aInteragency coordination$zUnited States$xEvaluation 606 $aHurricane Katrina, 2005 606 $aHurricane Rita, 2005 606 $aEmergency management$xGovernment policy$zUnited States 606 $aDisaster relief$zUnited States$xFinance 615 0$aDisaster relief$xGovernment policy 615 0$aDisaster relief$xEvaluation. 615 0$aEmergency management$xEvaluation. 615 0$aInteragency coordination$xEvaluation. 615 0$aHurricane Katrina, 2005. 615 0$aHurricane Rita, 2005. 615 0$aEmergency management$xGovernment policy 615 0$aDisaster relief$xFinance. 801 0$bDID 801 1$bDID 801 2$bESR 801 2$bGPO 906 $aBOOK 912 $a9910699152803321 996 $aDisaster assistance$93133189 997 $aUNINA